Nommez tout l’Équipage du Chapeau de Paille en 15 secondes - Statistiques

Statistiques générales
  • Ce quiz a été pris 55 fois
  • Le résultat moyen est 8 sur 10
Statistiques - réponses
Rôle Membre % Correct
Capitaine Luffy
100%
Épéiste Zoro
96%
Navigatrice Nami
92%
Cuisinier Sanji
92%
Médecin Chopper
79%
Sniper Usopp
71%
Archéologue Robin
67%
Musicien Brook
63%
Charpentier Franky
58%
Timonier Jinbei
46%
Aucun quiz correspondant
Distribution des résultats
% des personnes avec chaque résultat
Percentile par nombre de réponses
Votre historique - résultats
Vous n’avez pas pris ce quiz